Estatísticas para Autores novelas das 6 da Globo

Clique aqui para jogar o quiz

Estatísticas Gerais

  • Esse quiz foi jogado 15 vezes
  • A pontuação média é 29 de 100

Estatísticas das Respostas

AnoNovelaAutor% Correto
1971Meu pedacinho de ChãoBenedito Ruy Barbosa
89%
1995História de AmorManoel Carlos
67%
2005Alma GêmeaWalcyr Carrasco
67%
2003Chocolate com PimentaWalcyr Carrasco
67%
1991FelicidadeManoel Carlos
56%
2008Negócio da ChinaMiguel Falabella
56%
2006Sinhá MoçaBenedito Ruy Barbosa
44%
2004CaboclaBenedito Ruy Barbosa
44%
1986Sinhá MoçaBenedito Ruy Barbosa
44%
1990Barriga de AluguelGlória Perez
44%
1985A Gata ComeuIvani Ribeiro
44%
1993Mulheres de AreiaIvani Ribeiro
44%
2016Êta Mundo Bom!Walcyr Carrasco
44%
1984Livre para VoarWalther Negrão
44%
1985De Quina pra LuaAlcides Nogueira
33%
2014Meu Pedacinho de ChãoBenedito Ruy Barbosa
33%
2009ParaísoBenedito Ruy Barbosa
33%
1979CaboclaBenedito Ruy Barbosa
33%
1983Voltei pra VocêBenedito Ruy Barbosa
33%
1988Vida NovaBenedito Ruy Barbosa
33%
1976O Feijão e o SonhoBenedito Ruy Barbosa
33%
1977À Sombra dos LaranjaisBenedito Ruy Barbosa-Sylvan Paezzo
33%
1995Irmãos CoragemDias Gomes
33%
2009Cama de GatoDuca Rachid-Thelma Guedes
33%
2007Eterna MagiaElizabeth Jhin
33%
2002Coração de EstudanteEmanuel Jacobina
33%
1975SenhoraGilberto Braga
33%
1975HelenaGilberto Braga
33%
1977Dona XepaGilberto Braga
33%
1976Escrava IsauraGilberto Braga
33%
1984Amor com Amor Se PagaIvani Ribeiro
33%
1989O Sexo dos AnjosIvani Ribeiro
33%
1977Sinhazinha FlôLafayette Galvão
33%
2015Sete VidasLícia Manzo
33%
2011A Vida da GenteLícia Manzo
33%
1978A SucessoraManoel Carlos
33%
1978Maria, MariaManoel Carlos
33%
1975A MoreninhaMarcos Rey
33%
1972A PatotaMaria Clara Machado
33%
1975O NoviçoMário Lago
33%
1978GinaRubens Ewald Filho
33%
1976Vejo a Lua no CéuSylvan Paezzo
33%
2000O Cravo e a RosaWalcyr Carrasco-Mário Teixeira
33%
2007Desejo ProibidoWalther Negrão
33%
2004Como Uma OndaWalther Negrão
33%
1988Fera RadicalWalther Negrão
33%
1987Direito de AmarWalther Negrão
33%
1998Era Uma Vez…Walther Negrão
33%
1983Pão Pão, Beijo BeijoWalther Negrão
33%
1979Memórias de AmorWilson Aguiar Filho
33%
2008Ciranda de PedraAlcides Nogueira
22%
1997O Amor Está no ArAlcides Nogueira
22%
2002Sabor da PaixãoAna Maria Moretzsohn
22%
2000EsplendorAna Maria Moretzsohn
22%
2001Estrela-GuiaAna Maria Moretzsohn
22%
1982ParaísoBenedito Ruy Barbosa
22%
1972Bicho do MatoChico de Assis-Renato Corrêa de Castro
22%
1987BambolêDaniel Más
22%
2006O ProfetaDuca Rachid-Thelma Guedes
22%
2013Joia RaraDuca Rachid-Thelma Guedes
22%
2011Cordel EncantadoDuca Rachid-Thelma Guedes
22%
2019Órfãos da TerraDuca Rachid-Thelma Guedes
22%
2018Espelho da VidaElizabeth Jhin
22%
2015Além do TempoElizabeth Jhin
22%
2012Amor Eterno AmorElizabeth Jhin
22%
2010Escrito nas EstrelasElizabeth Jhin
22%
1980Olhai os Lírios do CampoGeraldo Vietri
22%
1999Força de um DesejoGilberto Braga-Alcides Nogueira
22%
1998Pecado CapitalGlória Perez
22%
1990Gente FinaLuís Carlos Fusco
22%
1993Sonho MeuMarcílio Moraes
22%
1997Anjo MauMaria Adelaide Amaral
22%
2024No Rancho FundoMário Teixeira
22%
1989Pacto de SangueRegina Braga
22%
2003Agora É que São ElasRicardo Linhares
22%
2014Boogie OogieRui Vilhena
22%
1991SaloméSérgio Marques
22%
1996Quem é Você?Solange Castro Neves
22%
1982O Homem ProibidoTeixeira Filho
22%
1981Ciranda de PedraTeixeira Filho
22%
2001A PadroeiraWalcyr Carrasco
22%
1981Terras do Sem-FimWalter George Durst
22%
1980As Três MariasWalther Negrão
22%
1994TropicalienteWalther Negrão
22%
2013Flor do CaribeWalther Negrão
22%
1996Anjo de MimWalther Negrão
22%
1992Despedida de SolteiroWalther Negrão
22%
1980MarinaWilson Aguiar Filho
22%
2017Tempo de AmarAlcides Nogueira
11%
2022Além da IlusãoAlessandra Poggi
11%
2019Éramos SeisÂngela Chaves
11%
2023Amor PerfeitoDuca Rachid-Júlio Fischer
11%
2012Lado a LadoJoão Ximenes Braga-Claudia Lage
11%
2018Orgulho e PaixãoMarcos Bernstein
11%
2022Mar do SertãoMário Teixeira
11%
2023Elas por ElasThereza Falcão-Alessandro Marson
11%
2017Novo MundoThereza Falcão-Alessandro Marson
11%
2021Nos Tempos do ImperadorThereza Falcão-Alessandro Marson
11%
2010AraguaiaWalther Negrão
11%
2016Sol NascenteWalther Negrão-Suzana Pires-Júlio Fischer
11%

Distribuição das Pontuações

Percentil de Números Respondidos

Porcentagem de Pessoas com Cada Pontuação

Sua Pontuação Histórica

Você não jogou esse quiz